Central Library and Information Centre
Sibsagar Girls' College, Sivasagar : Assam

ASOMOR BHASA (Record no. 5541)

MARC details
000 -LEADER
fixed length control field 00402cam a2200181ua 4500
008 - FIXED-LENGTH DATA ELEMENTS--GENERAL INFORMATION
fixed length control field 060101n1990 II |||gr||||Z||||||asm
040 ## - CATALOGING SOURCE
Original cataloging agency MAIN
041 ## - LANGUAGE CODE
-- English
082 ## - DEWEY DECIMAL CLASSIFICATION NUMBER
Classification number 491.451 BAR
100 ## - MAIN ENTRY--PERSONAL NAME
Personal name BARUAH, BHIMKANTA.
245 ## - TITLE STATEMENT
Title ASOMOR BHASA
250 ## - EDITION STATEMENT
Edition statement 1ST.
260 ## - PUBLICATION, DISTRIBUTION, ETC.
Place of publication, distribution, etc. DIBRUGARH
Name of publisher, distributor, etc. BANALATA
Date of publication, distribution, etc. 1990
300 ## - PHYSICAL DESCRIPTION
Extent 213:
Dimensions 21CM.
942 ## - ADDED ENTRY ELEMENTS (KOHA)
Koha item type Books
653 ## - INDEX TERM--UNCONTROLLED
Uncontrolled term ASSAMESE LANGUAGE
Holdings
Withdrawn status Lost status Damaged status Not for loan Collection code Home library Current library Shelving location Date acquired Total Checkouts Full call number Barcode Date last seen Date last checked out Copy number Price effective from Koha item type Public note
        TBASM Central Library and Information Centre Sibsagar Girls College Central Library and Information Centre Sibsagar Girls College   19.06.1995 2 491.451 13559 28.03.2024 11.03.2024 1 27.02.2020 Books V


Sibsagar Girl's College © 2020. All rights reserved.
Powered by Koha.
Maintained by Abhijit Borpuzari.